<?xml version="1.0" encoding="UTF-8"?><?xml-stylesheet type="text/xsl" href="static/style.xsl"?><OAI-PMH xmlns="http://www.openarchives.org/OAI/2.0/" xmlns:xsi="http://www.w3.org/2001/XMLSchema-instance" xsi:schemaLocation="http://www.openarchives.org/OAI/2.0/ http://www.openarchives.org/OAI/2.0/OAI-PMH.xsd"><responseDate>2026-04-17T13:21:49Z</responseDate><request verb="GetRecord" identifier="oai:riubu.ubu.es:10259/8638" metadataPrefix="marc">https://riubu.ubu.es/oai/request</request><GetRecord><record><header><identifier>oai:riubu.ubu.es:10259/8638</identifier><datestamp>2024-05-10T11:28:13Z</datestamp><setSpec>com_10259_8641</setSpec><setSpec>com_10259_5086</setSpec><setSpec>com_10259_2604</setSpec><setSpec>com_10259_7380</setSpec><setSpec>col_10259_8642</setSpec><setSpec>col_10259_7381</setSpec></header><metadata><record xmlns="http://www.loc.gov/MARC21/slim" xmlns:doc="http://www.lyncode.com/xoai" xmlns:xsi="http://www.w3.org/2001/XMLSchema-instance" xmlns:dcterms="http://purl.org/dc/terms/" xsi:schemaLocation="http://www.loc.gov/MARC21/slim http://www.loc.gov/standards/marcxml/schema/MARC21slim.xsd">
<leader>00925njm 22002777a 4500</leader>
<datafield tag="042" ind1=" " ind2=" ">
<subfield code="a">dc</subfield>
</datafield>
<datafield tag="720" ind1=" " ind2=" ">
<subfield code="a">Blanco Alcántara, David</subfield>
<subfield code="e">author</subfield>
</datafield>
<datafield tag="720" ind1=" " ind2=" ">
<subfield code="a">López de Foronda Pérez, Óscar</subfield>
<subfield code="e">author</subfield>
</datafield>
<datafield tag="720" ind1=" " ind2=" ">
<subfield code="a">Romero Merino, María Elena</subfield>
<subfield code="e">author</subfield>
</datafield>
<datafield tag="260" ind1=" " ind2=" ">
<subfield code="c">2012</subfield>
</datafield>
<datafield tag="520" ind1=" " ind2=" ">
<subfield code="a">This study tests the thesis of convergence between the Continental European model and the Anglo-Saxon one. To do so, we use the social network analysis to conduct a comparative study between the networks formed by firms listed on the IGBM index in Spain, and those listed on the FTSE 100 index in the United Kingdom, both in 2009. Our results support the convergence hypothesis as we find that financial corporations have disappeared from the central positions of Spanish networks of firms, and the number of privatized firms in central positions of the networks is similar to the British case.</subfield>
</datafield>
<datafield tag="024" ind2=" " ind1="8">
<subfield code="a">1648-4460</subfield>
</datafield>
<datafield tag="024" ind2=" " ind1="8">
<subfield code="a">http://hdl.handle.net/10259/8638</subfield>
</datafield>
<datafield ind1=" " ind2=" " tag="653">
<subfield code="a">Board of directors</subfield>
</datafield>
<datafield ind1=" " ind2=" " tag="653">
<subfield code="a">Corporate networks</subfield>
</datafield>
<datafield ind1=" " ind2=" " tag="653">
<subfield code="a">Law and Finance</subfield>
</datafield>
<datafield ind1=" " ind2=" " tag="653">
<subfield code="a">Director interlocks</subfield>
</datafield>
<datafield ind1=" " ind2=" " tag="653">
<subfield code="a">Spain</subfield>
</datafield>
<datafield ind1=" " ind2=" " tag="653">
<subfield code="a">United Kingdom</subfield>
</datafield>
<datafield tag="245" ind1="0" ind2="0">
<subfield code="a">The convergence between continental and anglo-saxon models of governance: The role of Banks in Spain and the United Kingdom</subfield>
</datafield>
</record></metadata></record></GetRecord></OAI-PMH>